Rozpoznaj piłkarza Lecha Poznań po zdjęciu - Statystyki

Ogólne statystyki
  • Ten quiz został rozwiązany 220 razy
    10 od ostatniego zresetowania
  • Średni wynik to 24 z 29
Statystyki odpowiedzi
Obrazkowy Odpowiedź % Poprawnych
Ali Gholizadeh
100%
Antoni Kozubal
100%
Bartosz Mrozek
100%
Joel Pereira
100%
Luis Palma
100%
Mateusz Skrzypczak
100%
Pablo Rodríguez
100%
Radosław Murawski
100%
Robert Gumny
100%
Timothy Ouma
100%
Wojciech Mońka
100%
Antonio Milić
90%
Filip Jagiełło
90%
Kornel Lisman
90%
Mikael Ishak
90%
Yannick Agnero
90%
Alex Douglas
80%
Daniel Håkans
80%
Gisli Thordarson
80%
João Moutinho
80%
Leo Bengtsson
80%
Mateusz Pruchniewski
80%
Michał Gurgul
80%
Patrik Wålemark
70%
Taofeek Ismaheel
70%
Sammy Dudek
60%
Kamil Jakóbczyk
50%
Plamen Andreev
30%
Tymoteusz Gmur
10%
Nie znaleziono quizów pasujących do podanych kryteriów
Rozkład punktacji
Procent ludzi z każdym wynikiem
Percentyl według liczby udzielonych odpowiedzi
Twoja historia wyników
Nie rozwiązałeś tego quizu od ostatniego zresetowania